000 00715nam a2200181 a 4500
001 BRCA_2118
005 20190320203656.0
008 120808s1991----mx-a---###---#000-0#spa-#
050 4 _aF1391.P8
_b.L43 62
_c1991
100 1 _aVázquez Benítez, José Alberto
_9273
245 1 0 _aEl escudo de armas de la Ciudad de la Puebla de los Ángeles
_cJosé Alberto Vázquez Benítez, Miguel Rodríguez Galeote.
260 _aPuebla, México
_bGobierno del Estado de Puebla : Secretaría de Cultura : Comisión Puebla V Centenario
_c1991
300 _a29 p.
_bil.
_c21 cm.
440 0 _aLecturas Históricas de Puebla
_n62
_96409
504 _aBibliografía: p. 29
651 4 _aPuebla (México)
_xHistoria
_9409
942 _2lcc
_cB
999 _c1875
_d1875